00337nam a22001097a 4500008004100000020002200041082001100063100002400074245009100098260002100189300001700210230301b |||||||| |||| 00| 0 eng d a978-0-09181-697-1 a155.24 aDr. Spencer Johnson aWho Moved My Cheese?bAn amazing way to deal with change in your work and in your life bVermilion,c2019 a94 p.c20 cm